000 03605njm a2200541Ia 4500
001 40457
003 IT-RoPAU
005 20220918181130.0
008 131025s9999 xx 000 0 und d
040 _aIT-RoPAU
040 _cIT-RoPAU
999 _c100511
_d100511
999 _bn.d.
100 _aAA.VV.
_9794
100 _eAutore musica
_921538
100 _gCodice autore musica SPICS: 12000
_9796
245 _aJazz. Gli uomini, gli strumenti, gli stili 51
250 _a2a ed.
260 _aMILANO
260 _bFRATELLI FABBRI EDITORI
_c1986 [1a Ed.:1986]
300 _aMUSICASSETTA
300 _c48 minuti (Testo: pag.)
500 _aMuica jazz
505 _aStan's Mood [(New York, 2.4.1949) (3:00)] - Fast [(New York, 2.4.1949) (3:00)] - Indian Summer [(New York, 21.6.1949) (3:00)] - Long Island Soud [(New York, 21.6.1949) (3:00)] - There's A Small Hotel [(New York, 6.1.1950) (3:00)] - My Old Flame [(New York, 14.4.1950) (3:00)] - Strike Up the Band [(New York, 10.12.1950) (3:00)] - Tootsie Roll [(New York, 10.12.1950) (3:00)] - S'Cool Boy [(Stoccolma, 23.3.1951) (3:00)] - Night and Day [(Stoccolma, 23.3.1951) (3:00)] - Flamingo [(Stoccolma, 24.3.1951) (4:00)] - I'll Remember April (Los Angeles, 8.11.1954) (8:00)]
511 _aSwoope Earl: tr; Getz Stan: ten; Cohn Al: ten; Sims Zoot: ten; Jordan Duke: p; Raney Jimmy: chit; Oliver Merter: cb; Perry Charlie: batt; Stan Gets Boppers
511 _aGetz Stan: ten; Haig Al: p; Raney Gene: cb; Levey Stan: batt; Stan Gets Quartet
511 _aGetz Stan: ten; Haig Al: p; Potter Tommy: cb; Haynes Roy: batt; Stan Gets Quartet
511 _aGetz Stan: ten; Aless Tony: p; Heath Percy: cb; Lamond Don: batt; Stan Gets Quartet
511 _aGetz Stan: ten; Silver Horace: p; Calloway Joe: cb; Bolden Walter: batt; Stan Gets Quartet
511 _aGetz Stan: ten; Hallberg Bengt: p; Johnson Gunnar: cb; Noren Jack: batt; Stan Jazz and His Swedish
511 _aBrookmeyer Bob: tbne; Getz Stan: ten; Williams Johnny: p; Anthony Bill: cb; Mardigan Art: batt; Stan Getz Quintet
650 _aJAZZ [CASSETTE]
_eCodice MATERIA SPICS: 9951
_91831
700 _aGetz Stan
_dCodice interprete SPICS: 10710
_eInterprete
_921539
700 _aGetz Stan
_dCodice autore musica SPICS: 10710
_eAutore musica
_pStan's Mood - Fast - Long Island Soud - S'Cool Boy
_921540
700 _aHerbert Victor
_dCodice autore musica SPICS: 13880
_eAutore musica
_pIndian Summer
_921541
700 _aDubin A.
_dCodice autore SPICS: 15703
_eAutore
_pIndian Summer
_921542
700 _aRodgers Richard
_dCodice autore musica SPICS: 11120
_eAutore musica
_pThere's A Small Hotel
_921543
700 _aHart Lorenz
_dCodice autore SPICS: 10738
_eAutore
_pThere's A Small Hotel
_921544
700 _aJohnson
_dCodice autore musica SPICS: 20146
_eAutore musica
_pMy Old Flame - I'll Remember April
_921545
700 _aCoslow Sam
_dCodice autore SPICS: 10785
_eAutore
_pMy Old Flame
_921546
700 _aGershwin George
_dCodice autore musica SPICS: 10668
_eAutore musica
_pStrike Up the Band
_921547
700 _aTreadwell G.
_dCodice autore musica SPICS: 18052
_eAutore musica
_pTootsie Roll
_921548
700 _aPorter Cole
_dCodice autore musica SPICS: 13034
_eAutore musica
_pNight and Day
_921549
700 _aAnderson Jon
_dCodice autore musica SPICS: 10788
_eAutore musica
_pFlamingo
_921550
700 _aGrouya
_dCodice autore SPICS: 15674
_eAutore
_pFlamingo
_921551
700 _aRaye Don
_dCodice autore musica SPICS: 20467
_eAutore musica
_pI'll Remember April
_921552
700 _aDe Paul G.
_dCodice autore SPICS: 20243
_eAutore
_pI'll Remember April
_921553
942 _cMC
_2ddc